G. B. Vico : the making of an anti-modern

Αποθηκεύτηκε σε:
Λεπτομέρειες βιβλιογραφικής εγγραφής
Κύριος συγγραφέας: Lilla, Mark
Μορφή: Βιβλίο
Γλώσσα:English
Δημοσίευση: Cambridge : Harvard University Press, 1994
Θέματα:
Ετικέτες: Προσθήκη ετικέτας
Δεν υπάρχουν, Καταχωρήστε ετικέτα πρώτοι!

MARC

LEADER 00000cam a2200000 i 4500
001 1/9033
008 970111s1994 eng d
020 |a 0-674-33963-0 
035 |l 10017325 
040 |a GR-MY-UA  |b gre  |e aacr 
041 0 |a eng 
082 0 |a 901 
100 1 |a Lilla, Mark. 
245 1 0 |a G. B. Vico :  |b the making of an anti-modern /  |c Mark Lilla 
260 |a Cambridge :   |b Harvard University Press,   |c 1994 
300 |a 255 p. 
504 |a Includes bibliographical references and index 
600 1 0 |a Vico, Giambattista,   |d 1668-1744. 
650 0 0 |a History  |x Philosophy. 
852 |a INST  |b LESVOS  |e 19970111  |h 901 LIL  |p 005100012265  |q 005100012265  |t BK  |y 0 
950 |a 120-1996-07-16